Terre des hommes

Збережено в:
Бібліографічні деталі
Автор: Saint-exupéry, Antoine de
Формат: Книга
Мова:Undetermined
Опубліковано: París, Francia Gallimard 1968
Предмети:
Теги: Додати тег
Немає тегів, Будьте першим, хто поставить тег для цього запису!

MARC

LEADER 00000nam a2200000Ia 4500
008 170316s9999 xx 000 0 und d
040 |a cru BVZT 
090 |a 840 S-3t 
100 |a Saint-exupéry, Antoine de 
245 |a Terre des hommes 
260 |a París, Francia 
260 |b Gallimard 
260 |c 1968 
300 |a 243 páginas 
650 |a LITERATURA FRANCESA 
999 |c 8010  |d 8010 
942 |c 15 D  |h 840 S-3t  |2 z